LEADER 00877nam a2200217 i 4500 001 000000045419 003 CaOOAMICUS 005 20120203000000.0 008 120203s1956 xx u000 u fre u 013 $a16589 040 $aSeMil$bita 100 1 $aDaniélou, Jean,$c.$0(OLS)http://semarc/name/50 245 14$aLes saints "païens" de l'Ancien Testament /$cJean Danielou. 260 $aParis :$bEd. du Seuil,$ccopyr. 1956. 300 $a172 p. ;$c19 cm. 650 4$aBibbia - Spiritualità - AT.$0(OLS)http://semarc/subject/1161 650 4$aSantità.$0(OLS)http://semarc/subject/6015 850 $aSeMil 852 $aSeMil$W1$xVenegono$y1$m2C I 159$j11574$B11574$CSeMilBibl$Z2$F11574 $81 996 $6245$aLes saints "païens" de l'Ancien Testament$9(OLS)http://semarc/title/67513 996 $6260$aParis :$bEd. du Seuil$9(OLS)http://semarc/publisher/30152 LEADER 01611nas a2200265 i 4500 001 000000205216 003 CaOOAMICUS 005 20110818000000.0 008 110810b2005 xxuuu u0 0eng r 013 $a183952 040 $aSeMil$bita 245 10$a[2005]. 260 $aSouth Orange (New Jersey) :$bBiblical Theology Bulletin,$ccopyr. 2005. 300 $a171 p. ;$c28 cm. 500 $aArticoli con sintesi in inglese [Abstract] in testa. - Contiene : Index to Articles in "Biblical Theology Bulletin" 1971-2005. 773 0 $tBiblical Theology Bulletin.$dRome : [s.n.], 1973.$x0146-1079$w()1984 774 0 $tCulture, Society, and Embedded Religion in Antiquity ; Change and the Gospel ; Christ Crucified and the Inversion of Roman Imperial Ideology in 1 Corinthians ; Translation Errors in ... "The Jewish People and Their Sacred Scriptures". - Tit. da cop.$w()275905 774 0 $tHaving Men for Dinner.$w()275906 774 0 $tRecent Reflections on the Gospel of Mark ; Jesus in Samaria (John 4:4-42).$w()275907 774 0 $tNew Testament Genealogies and the Families of Mary and Joseph ; A Social Scientific Approach to Judas's Suicide in Matthew 27:3-10 ; The Archaeology of Memory ... ; Scripted Clothing Perfomances in the Apocalypse of John. - Titoli dalla copertina.$w()275908 850 $aSeMil 852 $aSeMil$W1$xVenegono$y1$m188 2 35$j155710$B155710$CSeMilBibl$Z2$F167124 $85 961 $aAcquisto: Herder 996 $6245$a[2005]$9(OLS)http://semarc/title/140384 996 $6260$aSouth Orange (New Jersey) :$bBiblical Theology Bulletin$9(OLS)http://semarc/publisher/51984